Betontechnische Berichte Concrete Technology Reports, 2010-2012
Guardado en:
| Autor principal: | |
|---|---|
| Formato: | Libro |
| Lenguaje: | alemán inglés |
| Publicado: |
Düsseldorf
Bau and Technik
2013
|
| Colección: | Bibliographische Deskription, 32
|
| Materias: | |
| Etiquetas: |
Agregar Etiqueta
Sin Etiquetas, Sea el primero en etiquetar este registro!
|
MARC
| LEADER | 00000cam a2200000 a 4500 | ||
|---|---|---|---|
| 001 | UCF7929 | ||
| 003 | CL-VaPUC | ||
| 008 | 130711e20130000GW |||||||||||||||||ger|d | ||
| 020 | |a 9783764005634 | ||
| 041 | 0 | 7 | |a ger |2 CL-VaPUC |
| 041 | 0 | 7 | |a eng |2 CL-VaPUC |
| 082 | 0 | 4 | |a 624 |b SCH |2 21 |
| 100 | 0 | |a Schneider, Martin |e author |9 570019 | |
| 245 | 1 | 0 | |a Betontechnische Berichte Concrete Technology Reports, 2010-2012 |
| 300 | |a 109 p | ||
| 942 | |c BK | ||
| 945 | |d 20130711 00:00:00 |a dcastane | ||
| 260 | |a Düsseldorf |b Bau and Technik |c 2013 | ||
| 650 | 0 | |a Ingeniería de la construcción |9 337989 | |
| 650 | 7 | |a CEMENTO |2 CL-VaPUC |9 570020 | |
| 650 | 0 | |a Materiales de construcción |9 260197 | |
| 583 | |a last modification |c 20130711 11:26:00 |k Rodrigo Vera | ||
| 490 | 0 | |a Bibliographische Deskription, 32 | |
| 999 | |c 352647 |d 352645 | ||
| 952 | |0 0 |1 0 |4 0 |6 624_000000000000000_SCH_2013 |7 0 |8 A |9 457251 |a BIBING |b BIBING |d 2019-11-22 |i 4987586 |o 624 SCH 2013 |p 4987586 |r 2025-01-20 |w 2019-11-22 |y BK |k ING | ||